Перспективные реакторы: исследование активных зон; Интеллектуальные энергосистемы; Т. 2
| Источник: | Интеллектуальные энергосистемы: труды III Международного молодёжного форума, 28 сентября - 2 октября 2015 г., г. Томск/ Национальный исследовательский Томский политехнический университет (ТПУ).— , 2015 Т. 2.— 2015.— [С. 92-95] |
|---|---|
| Главный автор: | |
| Автор-организация: | |
| Другие авторы: | |
| Примечания: | Заглавие с титульного экрана |
| Язык: | русский |
| Опубликовано: |
2015
|
| Серии: | Повышение эффективности работы тепловых и атомных электростанций |
| Предметы: | |
| Online-ссылка: | http://earchive.tpu.ru/handle/11683/16287 http://www.lib.tpu.ru/fulltext/c/2015/C43/V2/023.pdf |
| Формат: | Электронный ресурс Статья |
| Запись в KOHA: | https://koha.lib.tpu.ru/cgi-bin/koha/opac-detail.pl?biblionumber=615907 |
MARC
| LEADER | 00000naa2a2200000 4500 | ||
|---|---|---|---|
| 001 | 615907 | ||
| 005 | 20231214113922.0 | ||
| 035 | |a (RuTPU)RU\TPU\conf\14140 | ||
| 035 | |a RU\TPU\conf\14139 | ||
| 090 | |a 615907 | ||
| 100 | |a 20151126d2015 k y0rusy50 ca | ||
| 101 | 0 | |a rus | |
| 102 | |a RU | ||
| 105 | |a y z 101zy | ||
| 135 | |a drcn ---uucaa | ||
| 181 | 0 | |a i | |
| 182 | 0 | |a b | |
| 200 | 1 | |a Перспективные реакторы: исследование активных зон |f М. А. Кабанова |g науч. рук. С. В. Лавриненко | |
| 203 | |a Текст |c электронный | ||
| 225 | 1 | |a Повышение эффективности работы тепловых и атомных электростанций | |
| 300 | |a Заглавие с титульного экрана | ||
| 320 | |a [Библиогр.: с. 95 (2 назв.)] | ||
| 337 | |a Adobe Reader | ||
| 461 | 1 | |0 (RuTPU)RU\TPU\conf\13656 |t Интеллектуальные энергосистемы |o труды III Международного молодёжного форума, 28 сентября - 2 октября 2015 г., г. Томск |o в 3 т. |f Национальный исследовательский Томский политехнический университет (ТПУ) |d 2015 | |
| 463 | 1 | |0 (RuTPU)RU\TPU\conf\13660 |t Т. 2 |v [С. 92-95] |d 2015 | |
| 610 | 1 | |a труды учёных ТПУ | |
| 610 | 1 | |a электронный ресурс | |
| 610 | 1 | |a перспективные реакторы | |
| 610 | 1 | |a активные зоны | |
| 610 | 1 | |a атомная энергетика | |
| 610 | 1 | |a АЭС | |
| 610 | 1 | |a БН-1200 | |
| 610 | 1 | |a ВВЭР-1000 | |
| 700 | 1 | |a Кабанова |b М. А. | |
| 702 | 1 | |a Лавриненко |b С. В. |c специалист в области теплоэнергетики |c старший преподаватель Томского политехнического университета |f 1986- |g Сергей Викторович |4 727 |9 14537 | |
| 712 | 0 | 2 | |a Национальный исследовательский Томский политехнический университет (ТПУ) |b Энергетический институт (ЭНИН) |b Кафедра атомных и тепловых электростанций (АТЭС) |3 (RuTPU)RU\TPU\col\18683 |
| 801 | 2 | |a RU |b 63413507 |c 20210210 |g RCR | |
| 856 | 4 | |u http://earchive.tpu.ru/handle/11683/16287 | |
| 856 | 4 | |u http://www.lib.tpu.ru/fulltext/c/2015/C43/V2/023.pdf | |
| 942 | |c BK | ||